|
|
|
|
| LEADER |
00000nam a22000007a 4500 |
| 005 |
2015110903383.0 |
| 007 |
cr|||| ||u| |
| 008 |
151109s19892015-us|||pos|||| 0|||a1eng d |
| 022 |
|
|
|a 0026-7562
|
| 035 |
|
|
|a 2846
|
| 040 |
|
|
|a vLex
|
| 090 |
|
|
|c 5680
|d 5680
|
| 245 |
1 |
0 |
|a Modern Casting
|h [Recurso electrn̤ico] /
|c American Foundry Society, Inc.
|
| 256 |
|
|
|a Servicio en ln̕ea
|
| 260 |
|
|
|a Estados Unidos
|b American Foundry Society, Inc.
|c 1989 - 2015
|
| 300 |
|
|
|a 1 recurso electrn̤ico
|
| 506 |
1 |
|
|a Contenido solo disponible en los productos indicados
|d vLex Global
|d vLex Global (Academic Edition, excluding Law Schools)
|d vLex Global (U.S. Academic Edition, Law Schools)
|d vLex Global (U.S. Academic Edition, excluding Law Schools)
|d vLex Global (Academic Edition, Law Schools)
|
| 650 |
0 |
4 |
|a Industrias
|z Estados Unidos
|
| 740 |
0 |
|
|a vLex revista (servicio en ln̕ea)
|
| 856 |
4 |
0 |
|u http://vlex.com/source/modern-casting-2846
|z Acceso restringido
|
| 942 |
|
|
|c REV
|
| 999 |
0 |
|
|a Industries
|